000 00457nam a2200145Ia 4500
008 210430s9999 xx 000 0 und d
020 _a0470177020 (paperback) | 97804
082 _a658.4092 B482 D
100 _aBerke, David.
_954076
245 _aDeveloping leadership talent /
_cBerke, David.
260 _a[S.l.] :
_bPfeiffer,
_c2008
300 _a160 p. ;
856 _uhttp://www.amazon.com/exec/obidos/ASIN/0470177020/chopaconline-20
942 _2ddc
999 _c564537
_d564537